Civil War Union Generals - Statistics

General Stats
  • This quiz has been taken 198 times
    110 since last reset
  • The average score is 7 of 16
Answers on the Grid
Answers color-coded by a green-red scale on the quiz's grid according to % correct below.
Ulysses S Grant
Robert E Lee
Thomas Jackson
J.E.B. Stewart
Pierre Beauregard
George B. McClellan
Joseph Hooker
Philip Sheridan
John Bell Hood
Robert Anderson
Dwight Eisenhower
Charles Cornwallis
Lawrence Chamberlain
Thomas Chamberlain
William T. Sherman
Erwin Rommel
George Meade
Daniel Sickles
Harry Heth
John Reynolds
Winfield Hancock
John Pope
Strong Vincent
Robert Shaw
George Custer
George Pickett
Johnston Pettigrew
Abner Doubleday
Ambrose Hill
Nathaniel Banks
 
Answer Stats
Answer % Correct
Ulysses S Grant
98%
George B. McClellan
76%
Joseph Hooker
58%
William T. Sherman
56%
Philip Sheridan
55%
George Meade
53%
Winfield Hancock
44%
George Custer
42%
Daniel Sickles
36%
John Pope
36%
Lawrence Chamberlain
36%
John Reynolds
35%
Abner Doubleday
33%
Nathaniel Banks
29%
Strong Vincent
21%
Robert Anderson
11%
No matching quizzes found
Score Distribution
Percent of People with Each Score
Percentile by Number Answered
Your Score History
You have not taken this quiz since the last reset